000 00845cas a2200217 a 4500
999 _c17315
_d17315
005 20191224042208.0
008 050802c20049999ck fr p r 0 0a0spa d
022 _z1990-0561
040 _aCO-BoBLA
_cCO-BoBLA
_dCO.BoIAVH
041 0 _aspa
044 _ack
090 _aSE
245 0 0 _aRevista bioetnia :
_bRevista del Instituto de Investigaciones Ambientales del Pacífico
246 1 1 _aBio Etnia
260 _aQuibdó (Colombia) :
_bInstituto de Investigaciones Ambientales del Pacífico,
_c2004-.
300 _bilustraciones ;
_c27 cm.
650 2 6 _aMedio ambiente
_zPacífico (Región, Colombia)
_vPublicaciones periódicas
650 2 6 _aRecursos naturales
_z Pacífico (Región, Colombia)
_vPublicaciones periódicas
710 2 _aInstituto de Investigaciones Ambientales del Pacífico
942 _2z
_cREVISTA